| 000 | 00746nam a22001937a 4500 | ||
|---|---|---|---|
| 999 |
_c20511 _d20511 |
||
| 003 | AR-CdUCM | ||
| 008 | 190530b ||||| |||| 00| 0 spa d | ||
| 040 |
_aMUNICIPALIDAD PROVINCIAL DEL CUSCO _cBIBLIOTECA MUNICIPAL DEL CUSCO |
||
| 082 |
_a818.5 / _bC19 |
||
| 100 |
_aCaldwell, Erskine _91168 |
||
| 245 | _aTierra trágica / | ||
| 260 |
_aBuenos Aires : _bLosada, _bArtes gráficas, _c1945. |
||
| 300 |
_a258 páginas ; _c21 cm. |
||
| 505 | _aContenido : Spence Douthit se había pasado el día procurando conseguir a crédito -- Había peregrinado por todas las farmacias -- Deteniéndose y volviendo... | ||
| 650 |
_aNovela argentina _99108 |
||
| 650 |
_aLas grandes novelas de nuestra época _942871 |
||
| 942 |
_2ddc _cLIBROS |
||
| 945 | _aandy | ||